| 000 | 01920 a2200241 4500 | ||
|---|---|---|---|
| 001 | 34651 | ||
| 005 | 20260407155633.0 | ||
| 008 | 260407a2014 arg spa d | ||
| 003 | AR-UNSa-BCEJYS | ||
| 040 |
_aAR-UNSa-BCEJYS _bspa _cAR-UNSa-BCEJYS |
||
| 080 |
_a336.2 _xIngresos públicos (Derecho tributario) |
||
| 245 | 1 | 0 | _aAcciones y recursos en materia tributaria |
| 020 | _a978-950-20-2582-7 | ||
| 250 | _a4a. ed. | ||
| 264 | 1 |
_aBuenos Aires : _bAbeledo Perrot _c2014 |
|
| 300 |
_a2 v. _c25 cm. |
||
| 505 | _aVol. I: 1. La potestad tributaria y el orden constitucional - 2. El control judicial de constitucionalidad en el proceso tributario - 3. El proceso tributario y el marco constitucional - 4. Igualdad de las partes de la relación tributaria y vicisitudes del principio - 5. La administración tributaria y la función de comprobación - 6. Determinación del tributo - 7. Recursos contra actos de la AFIP - 8. El Tribunal Fiscal de la Nación - 9. Juicio de ejecución fiscal - 10. Acción de amparo - 11. La acción declarativa - 12. Acción de repetición - 13. Procedimiento penal tributario - 14. Jurisdicción y competencia de la Corte Suprema - 15. Procedimiento ante la Comisión arbitral y Comisión Federal de Impuestos - 16. Acciones y recursos en jurisdicción provincial - 17. La privatización de la función pública en el estado desertor - 18. Juicio por jurados en materia tributaria -- Vol. II: La interpretación de las leyes tributarias a través de la doctrina de la Corte Suprema de Justicia de la Nación y demás tribunales inferiores. Ciudad Autónoma de Buenos Aires, provincias de Buenos Aires, Córdoba, Mendoza, Salta, Santa Fe y Tucumán | ||
| 041 | _aspa | ||
| 942 | _cBK | ||
| 590 | _aniveau_biblio:m niveau_hierar:0 | ||
| 100 | 1 | _aSpisso, Rodolfo Roque | |
| 856 | 4 | 1 |
_uhttps://biblioeco.unsa.edu.ar/pmb/images/libros/accionesRecMatTrib.jpg _yImagen de portada _qimage/jpeg |
| 999 |
_c2479 _d2479 |
||